| 000 | 00405pab a2200145 454500 | ||
|---|---|---|---|
| 008 | 180718b2013 xxu||||| |||| 00| 0 eng d | ||
| 100 | _aTaylor, Marcus | ||
| 245 | _aLiquid debts: credit, groundwater and the social ecology of agrarian distress in Andhra Pradesh, India | ||
| 260 | _c2013 | ||
| 300 | _ap.691-709. | ||
| 650 | _aDebts | ||
| 773 | _aThird World Quarterly | ||
| 908 | _aN | ||
| 909 | _a99795 | ||
| 999 |
_c99794 _d99794 |
||